000 00289 a2200121 4500
001 63665
082 _a624.17 POP
090 _c37665
_d37665
100 _aPopov Egor.P
245 _aIntroduction to Mechanics of Solids
_hEnglish
260 _aNJ
_bPrentice Hall
_c1968
300 _b571p
942 _aNUST-CAE
_k624.17 POP
999 _c298738
_d298738